Normal view MARC view

Entry Personal Name

Number of records used in: 1

001 - CONTROL NUMBER

  • control field: 254947

003 - CONTROL NUMBER IDENTIFIER

  • control field: St Aloysius Coll

005 - DATE AND TIME OF LATEST TRANSACTION

  • control field: 20260214155425.0

008 - FIXED-LENGTH DATA ELEMENTS

  • fixed length control field: 260214|| aca||aabn | a|a d

040 ## - CATALOGING SOURCE

  • Original cataloging agency: St Aloysius Coll
  • Transcribing agency: St Aloysius Coll

100 ## - HEADING--PERSONAL NAME

  • Personal name: Sutherland, Jane P

670 ## - SOURCE DATA FOUND

  • Source citation: Work cat.: (St Aloysius Coll)167489: Alan H Varnam 114492, Meat and meat products, 2010